=LDR 00000nam 2200000 4500 =001 INLIS000000000033998 =005 20130612135923 =008 ***********************************ind** =035 ##$$0010-061300000033998 =041 ##$$a ind =082 ##$$a 664.07 =090 ##$$a 664.07, Sak p =100 ##$$a Saksono, Lukman, Ph.D,Minst Pm =245 ##$$a Pengantar sanitasi makanan untuk keluarga, Industri makanan dan industri pelayanan makanan, lingkungan saksono, Ph. D,Minst Pm, Dra. Isro'in saksono =260 ##$$a 2007 $b Bandung =300 ##$$a Xii,240 hlm, Ilus, 21 cm =650 ##$$a Makanan Analisis =700 ##$$a Saksono, Isro'in =850 ##$$a NBPNMAT =990 ##$$a 0001/BPAP-NTB/20142014 =990 ##$$a 0001/BPAP-NTB/2015 =990 ##$$a 21006381 =990 ##$$a 21006381 =990 ##$$a 0001/BPAP-NTB/20142014 =990 ##$$a 0001/BPAP-NTB/20142014